Normal view
MARC view
- Faizan, Muhammad
Entry Personal Name
001 - CONTROL NUMBER
- control field: 128170
003 - CONTROL NUMBER IDENTIFIER
- control field: NUST
005 - DATE AND TIME OF LATEST TRANSACTION
- control field: 20250306115136.0
008 - FIXED-LENGTH DATA ELEMENTS
- fixed length control field: 250306|| aca||aabn | a|a d
040 ## - CATALOGING SOURCE
- Original cataloging agency: NUST
- Transcribing agency: NUST
100 ## - HEADING--PERSONAL NAME
- Personal name: Faizan, Muhammad
670 ## - SOURCE DATA FOUND
- Source citation: Work cat.: (NUST): Faizan, Muhammad , Novel Hybrid Neural Network Architecture For Multi-modal Brain Tumor mpMRI Segmentation /
